000 00638cab a2200253 4500
001 WB3222-31
008 090401t1996 xxu||||| |||| 00| 0 eng d
035 _a(Sirsi) u20876
041 _aeng
245 _aSporting life is still a luxury
260 _c1996
350 _a0
490 _aFinancial Times
_vWeekend 1/2 June 1996, vi(1)
520 _aReviews prices for grouse moors and deer forests.
650 _aDEER HUNTING
650 _aGROUSE MOORS
650 _aLAND PRICES
650 _aSHOOTING
650 _aSPORTING ESTATES
650 _aSPORTING RIGHTS
690 _aLAND
942 _n0
948 _c04/03/1997
999 _c13992
_d13992